Top 100 US Boy Baby Names - Statistics

General Stats
  • This quiz has been taken 3,109 times
  • The average score is 53 of 100
Answer Stats
Answer % Correct
J John
95%
J Johnny
95%
J Jonathan
95%
J James
92%
W William
92%
J Jacob
90%
J Juan
89%
W Willie
87%
T Thomas
85%
A Albert
84%
B Bobby
84%
M Michael
84%
R Robert
84%
A Alan
83%
J Jack
82%
R Richard
80%
D David
79%
G George
78%
D Daniel
77%
H Henry
76%
M Matthew
76%
P Paul
75%
C Christopher
73%
A Andrew
72%
M Mark
72%
C Charles
71%
J Joe
71%
J Joseph
71%
H Harold
69%
S Stephen
69%
S Steven
69%
P Peter
68%
D Donald
67%
B Benjamin
64%
S Samuel
64%
E Edward
63%
F Frank
63%
K Kevin
62%
T Timothy
62%
A Adam
61%
H Harry
61%
R Ronald
61%
A Alexander
60%
Z Zachary
59%
J Joshua
58%
R Ryan
58%
B Brian
56%
B Bryan
56%
J Jason
55%
N Nicholas
55%
A Anthony
54%
J Jose
53%
N Nathan
52%
G Gregory
51%
K Kenneth
51%
E Ethan
47%
J Justin
47%
P Patrick
47%
E Eric
46%
P Philip
46%
K Kyle
45%
A Aaron
44%
J Jeffrey
43%
L Lawrence
43%
N Noah
43%
G Gary
42%
C Carl
40%
G Gerald
40%
J Jeremy
40%
B Billy
39%
W Walter
39%
T Tyler
38%
B Brandon
37%
J Jordan
36%
L Larry
35%
R Raymond
35%
V Vincent
35%
J Jerry
33%
K Keith
33%
S Sean
32%
A Arthur
31%
L Louis
31%
D Dylan
30%
D Dennis
29%
S Scott
29%
C Christian
26%
L Logan
24%
G Gabriel
23%
R Roger
23%
B Bruce
19%
J Jesse
19%
R Roy
18%
T Terry
18%
W Wayne
18%
D Douglas
17%
A Austin
16%
R Randy
16%
R Ralph
15%
R Russell
14%
E Eugene
9%
No matching quizzes found
Score Distribution
Percent of People with Each Score
Percentile by Number Answered
Your Score History
You have not taken this quiz